O Fio da Meada (Registo nº 198804)

Detalhes MARC
000 -Etiqueta do registo
Valores 00656nam 22002293 4500
021 ## - Número do Depósito Legal
Código do país Portugal
Número 23 160/88
100 ## - Dados gerais de processamento
Dados gerais 20251104d u||y0pory50 ba
101 ## - Língua de publicação
Língua Português
102 ## - País de publicação
País Portugal
200 ## - Titulo e menção de responsabilidade
Título próprio O Fio da Meada
Primeira menção de responsabilidade Manuela Ferreira
205 ## - Menção da edição
Edição
210 ## - Publicação
Local de publicação Rio Tinto
Nome do editor Edições Asa / Clube do Professor
Data de publicação 1989
215 ## - Descrição física 
Paginação / Volumes 286, [2] p.
Outras indicações físicas Encadernado
Dimensões 21 cm
225 ## - Colecção 
Título próprio da colecção Práticas Pedagógicas
Indicação de volume 4
606 ## - Nome comum usado como assunto
ID Autoridade 5170
Palavra de ordem Ciências Sociais Educação
675 ## - CDU
Notação 372.3/FER/FIO
Edição PT
Língua por
700 ## - Autor principal (pessoa individual)
ID Autoridade 14721
Apelido Ferreira
Nome Manuela
801 ## - Fonte de origem
País PT
Agência BMMN
Regras de catalogação RPC
830 ## - Notas gerais do catalogador
Criado por Carlos Pinto
Data de criação 04-11-2025
Indexado por Carlos Pinto
990 ## - Elementos KOHA
Tipo de documento Livro
Exemplares
Situação do levantamento Biblioteca de origem Código de barras Cota Permissão de empréstimo Tipo de documento Forma de aquisição
  Escola Secundária de Montemor-o-Novo 27327 372.3/FER/FIO   Livro Compra

Powered by Koha